000 00571nam a2200241 a 4500
001 nice12345678
003 IN_TiNIC
005 20260116011728.0
008 050524s1967 boma grp 000 0 eng
020 _a
_c100
082 0 0 _a272
_bALC
100 _aAlcock, Deborah
245 _aTales of Martyr Times
260 _aBombay
_bGospel Literature Service
_c1967
300 _a158p
500 _aincludes index and biblioraphy
505 2 _aBibliography
650 _aMartyrs
700 1 _aAlcock, Deborah
902 _bSRS
942 _cBK
999 _c3568
_d3568